| 000 | 00454nam a2200157 i 4500 | ||
|---|---|---|---|
| 001 | 37150 | ||
| 003 | ES-MaACL | ||
| 007 | t| | ||
| 008 | 030220s1920 sp ||||1| spa d | ||
| 100 | 1 |
_aBullón Ramírez, Higinio. _932522 |
|
| 245 | 1 | 0 |
_aOrtografía de la lengua española / _cHiginio Bullón Ramírez. |
| 250 | _a2ª ed. | ||
| 260 |
_aCáceres : _b[s.n., _c1920] ( _fImp. García Floriano) |
||
| 300 |
_a280 p. ; _c22 cm. |
||
| 852 |
_aES-MaACL _jB-3531 |
||
| 999 |
_c37150 _d37150 |
||